Aulton's Pharmaceutics :the design and manufacture of medicines (Record no. 606)

MARC details
000 -LEADER
fixed length control field 00936cam a22003258a 4500
001 - CONTROL NUMBER
control field 14444067
003 - CONTROL NUMBER IDENTIFIER
control field OSt
005 - DATE AND TIME OF LATEST TRANSACTION
control field 20170322181755.0
008 - FIXED-LENGTH DATA ELEMENTS--GENERAL INFORMATION
fixed length control field 060710s2007 stk b 001 0 eng
010 ## - LIBRARY OF CONGRESS CONTROL NUMBER
LC control number 2006045095
020 ## - INTERNATIONAL STANDARD BOOK NUMBER
International Standard Book Number 9780443101083
020 ## - INTERNATIONAL STANDARD BOOK NUMBER
International Standard Book Number 0443101086
020 ## - INTERNATIONAL STANDARD BOOK NUMBER
International Standard Book Number 9780443101076
035 ## - SYSTEM CONTROL NUMBER
System control number (DNLM)101281969
040 ## - CATALOGING SOURCE
Original cataloging agency DNLM/DLC
Transcribing agency DLC
042 ## - AUTHENTICATION CODE
Authentication code pcc
050 00 - LIBRARY OF CONGRESS CALL NUMBER
Classification number RS200
Item number .P435 2007
060 10 - NATIONAL LIBRARY OF MEDICINE CALL NUMBER
Classification number QV 785
Item number P5366 2007
082 00 - DEWEY DECIMAL CLASSIFICATION NUMBER
Classification number QV 704 A51m 2007
Edition number 22
100 ## - MAIN ENTRY--PERSONAL NAME
Personal name Edited by Michael E. Aulton.
9 (RLIN) 9611
245 00 - TITLE STATEMENT
Title Aulton's Pharmaceutics :the design and manufacture of medicines
250 ## - EDITION STATEMENT
Edition statement 3rd ed.
260 ## - PUBLICATION, DISTRIBUTION, ETC. (IMPRINT)
Place of publication, distribution, etc. Edinburgh ;
Name of publisher, distributor, etc. Churchill Livingstone,
Date of publication, distribution, etc. 2007.
300 ## - PHYSICAL DESCRIPTION
Extent x,717p; col.ill: 25cm
504 ## - BIBLIOGRAPHY, ETC. NOTE
Bibliography, etc Includes bibliographical references and index.
650 #0 - SUBJECT ADDED ENTRY--TOPICAL TERM
Topical term or geographic name as entry element Drugs
9 (RLIN) 1560
650 #0 - SUBJECT ADDED ENTRY--TOPICAL TERM
Topical term or geographic name as entry element Pharmaceutics
9 (RLIN) 1566
906 ## - LOCAL DATA ELEMENT F, LDF (RLIN)
a 7
b cbc
c orignew
d 1
e ocip
f 20
g y-gencatlg
942 ## - ADDED ENTRY ELEMENTS (KOHA)
Source of classification or shelving scheme Other/Generic Classification Scheme
Koha item type Short Loan
Holdings
Withdrawn status Lost status Source of classification or shelving scheme Damaged status Not for loan Home library Current library Date acquired Source of acquisition Inventory number Total Checkouts Full call number Barcode Date last seen Koha item type
    Other/Generic Classification Scheme     MUST Main Library MUST Main Library 28/10/2014   11/34430   QV 704 A51m 2007 2014-3153 28/10/2014 Short Loan
    Other/Generic Classification Scheme     MUST Main Library MUST Main Library 28/10/2014   11/34429   QV 704 A51m 2007 2014-3154 28/10/2014 Short Loan
    Other/Generic Classification Scheme     Pharmacy Department Library Pharmacy Department Library 22/03/2017   11/00162   QV 704 A51m 2007 2017-0493 22/03/2017 Short Loan
    Other/Generic Classification Scheme     Pharmacy Department Library Pharmacy Department Library 22/03/2017   11/00163   QV 704 A51m 2007 2017-0494 22/03/2017 Short Loan